| 000 | 00667nam a2200181 4500 | ||
|---|---|---|---|
| 008 | 180104b xxu||||| |||| 00| 0 eng d | ||
| 020 | _a394343913 | ||
| 082 |
_21985 _aDC 327.3047 _bL13 |
||
| 100 |
_925364 _aLaFeber, Walter, author. |
||
| 245 |
_aAmerica, Russia, and the cold war, 1945-1984 / _c Walter LaFeber. |
||
| 250 | _aFifth edition. | ||
| 260 |
_aNew York, N.Y. : _bKnopf, _c©1985. |
||
| 300 |
_axiii, 348 pages : _b maps ; _c21 cm. |
||
| 500 | _aIncludes bibliographical references and index. | ||
| 650 | 0 |
_925365 _aUnited States _xForeign relations _zSoviet Union |
|
| 650 | 0 |
_925366 _aSoviet Union _xForeign relations _zUnited States |
|
| 942 |
_2ddc _cDC |
||
| 999 |
_c8201 _d8201 |
||